Tribhuvan University Central Library

Aankhama aljhieka aakhaharu (Gajal sangraha) (Record no. 80079)

MARC details
000 -LEADER
fixed length control field 00383nam a22001457a 4500
008 - FIXED-LENGTH DATA ELEMENTS--GENERAL INFORMATION
fixed length control field 170217b xxu||||| |||| 00| 0 eng d
082 ## - DEWEY DECIMAL CLASSIFICATION NUMBER
Classification number CS/N782.42/K741a
100 ## - MAIN ENTRY--PERSONAL NAME
Personal name Kattel, Hari
245 ## - TITLE STATEMENT
Title Aankhama aljhieka aakhaharu (Gajal sangraha)
260 ## - PUBLICATION, DISTRIBUTION, ETC. (IMPRINT)
Place of publication, distribution, etc Biratnagar:
Name of publisher, distributor, etc Vani prakasan,
Date of publication, distribution, etc 2064BS
300 ## - PHYSICAL DESCRIPTION
Extent x, 68p.
650 ## - SUBJECT ADDED ENTRY--TOPICAL TERM
Topical term or geographic name as entry element Nepali songs
653 ## - INDEX TERM--UNCONTROLLED
Uncontrolled term Gazal
942 ## - ADDED ENTRY ELEMENTS (KOHA)
Source of classification or shelving scheme Dewey Decimal Classification
Koha item type General Collections
Holdings
Withdrawn status Lost status Source of classification or shelving scheme Damaged status Not for loan Home library Current library Date acquired Total Checkouts Full call number Barcode Date last seen Price effective from Koha item type
    Dewey Decimal Classification     Tribhuvan University Central Library Tribhuvan University Central Library 02/17/2017   782.42/K741a 154708 02/17/2017 02/17/2017 Closed Section